<?xml version="1.0" encoding="UTF-8"?>
<record
    xmlns:xsi="http://www.w3.org/2001/XMLSchema-instance"
    xsi:schemaLocation="http://www.loc.gov/MARC21/slim http://www.loc.gov/standards/marcxml/schema/MARC21slim.xsd"
    xmlns="http://www.loc.gov/MARC21/slim">

  <leader>     nam a22     7a 4500</leader>
  <datafield tag="999" ind1=" " ind2=" ">
    <subfield code="c">7178</subfield>
    <subfield code="d">7178</subfield>
  </datafield>
  <controlfield tag="003">OSt</controlfield>
  <controlfield tag="005">20181115163628.0</controlfield>
  <controlfield tag="008">181115e201806  spc |||  |||| 000 i cat|d</controlfield>
  <datafield tag="017" ind1=" " ind2=" ">
    <subfield code="a">DL B 9785-2018</subfield>
    <subfield code="b">Biblioteca de Catalunya</subfield>
  </datafield>
  <datafield tag="020" ind1=" " ind2=" ">
    <subfield code="a">9788497102643</subfield>
  </datafield>
  <datafield tag="040" ind1=" " ind2=" ">
    <subfield code="a">ES-BaBES</subfield>
    <subfield code="b">cat</subfield>
    <subfield code="c">CDMR</subfield>
  </datafield>
  <datafield tag="245" ind1="0" ind2="0">
    <subfield code="a">Estimat amic </subfield>
    <subfield code="b">: epistolari 1941-1964 i textos complementaris /</subfield>
    <subfield code="c">Gaziel, Josep Pla ; edici&#xF3; a cura de Manuel Llanas</subfield>
  </datafield>
  <datafield tag="260" ind1=" " ind2=" ">
    <subfield code="a">Barcelona :</subfield>
    <subfield code="b">Destino,</subfield>
    <subfield code="c">2018</subfield>
  </datafield>
  <datafield tag="300" ind1=" " ind2=" ">
    <subfield code="a">265 p. ;</subfield>
    <subfield code="c">21 cm</subfield>
  </datafield>
  <datafield tag="500" ind1=" " ind2=" ">
    <subfield code="a">A la contracoberta: C&#xE0;tedra Josep Pla</subfield>
  </datafield>
  <datafield tag="504" ind1=" " ind2=" ">
    <subfield code="a">Refer&#xE8;ncies bibliogr&#xE0;fiques</subfield>
  </datafield>
  <datafield tag="505" ind1="8" ind2=" ">
    <subfield code="a">Cont&#xE9; ap&#xE8;ndixs: Ressenya d'una vila del vuitcents (1953) / Josep Pla -- Ressenya de Sant Feliu de la Costa Brava (1963) / Josep Pla -- Q&#xFC;estionari sobre els God&#xF3; i La Vanguardia (1961) / Josep Pla -- Resposta al q&#xFC;estionari de Pla : informacions sobre els God&#xF3; i La Vanguardia (1961) / Gaziel -- Observacions a l'Homenot de Pla sobre els God&#xF3; i La Vanguardia (1961) / Gaziel</subfield>
  </datafield>
  <datafield tag="520" ind1=" " ind2=" ">
    <subfield code="a">Gaziel i Pla compartien un munt de coses. Eren ve&#xEF;ns de proced&#xE8;ncia (tots dos catalans de la Costa Brava), havien convertit en el seu ofi ci unes mateixes passions vitals (la literatura i el periodisme) i, sobretot, tenien una actitud bessona davant del m&#xF3;n que els envoltava, basada en una insubornable independ&#xE8;ncia cr&#xED;tica. Les cartes creuades que se n'han conservat (51 de Gaziel i nom&#xE9;s 7 de Josep Pla) van des del 1941 fi ns a la mort de Gaziel el 1964, i s&#xF3;n el testimoni m&#xE9;s contundent de tot el que unia aquests dos personatges imprescindibles de la cultura catalana del segle XX: els amics, els neguits compartits, la intel&#xB7;lig&#xE8;ncia, la lucidesa, l'amor al pa&#xED;s i una repugn&#xE0;ncia desesperada davant del r&#xE8;gim franquista.</subfield>
  </datafield>
  <datafield tag="600" ind1="1" ind2="7">
    <subfield code="a">Gaziel</subfield>
    <subfield code="d">1887-1964</subfield>
    <subfield code="x">Epistolaris</subfield>
    <subfield code="2">lemac</subfield>
    <subfield code="9">49</subfield>
  </datafield>
  <datafield tag="600" ind1="1" ind2="7">
    <subfield code="a">Pla, Josep</subfield>
    <subfield code="d">1897-1981</subfield>
    <subfield code="x">Epistolaris</subfield>
    <subfield code="2">lemac</subfield>
    <subfield code="9">827</subfield>
  </datafield>
  <datafield tag="700" ind1="1" ind2="2">
    <subfield code="a">Pla, Josep,</subfield>
    <subfield code="d">1897-1981.</subfield>
    <subfield code="t">Correspond&#xE8;ncia.</subfield>
    <subfield code="k">Seleccions</subfield>
  </datafield>
  <datafield tag="700" ind1="1" ind2="2">
    <subfield code="a">Gaziel,</subfield>
    <subfield code="d">1887-1964</subfield>
    <subfield code="t">Correspond&#xE8;ncia.</subfield>
    <subfield code="k">Seleccions</subfield>
  </datafield>
  <datafield tag="700" ind1="1" ind2=" ">
    <subfield code="a">Llanas, Manuel,</subfield>
    <subfield code="d">1952-</subfield>
    <subfield code="e">editor literari</subfield>
  </datafield>
  <datafield tag="942" ind1=" " ind2=" ">
    <subfield code="c">MON</subfield>
  </datafield>
  <datafield tag="952" ind1=" " ind2=" ">
    <subfield code="0">0</subfield>
    <subfield code="1">0</subfield>
    <subfield code="4">0</subfield>
    <subfield code="7">0</subfield>
    <subfield code="a">CDMR</subfield>
    <subfield code="b">CDMR</subfield>
    <subfield code="d">2018-11-15</subfield>
    <subfield code="e">Intercanvi</subfield>
    <subfield code="g">18.50</subfield>
    <subfield code="l">0</subfield>
    <subfield code="o">Du 6/103</subfield>
    <subfield code="p">CDMR18111618</subfield>
    <subfield code="r">2018-11-15</subfield>
    <subfield code="v">18.50</subfield>
    <subfield code="w">2018-11-15</subfield>
    <subfield code="y">MON</subfield>
  </datafield>
</record>
